[Event "IV Copa Marcel Duchamp 2020"]
[Site "Montevideo"]
[Date "2020.02.13"]
[Round "7.28"]
[White "Siddeley, Hugh"]
[Black "Osinaga, Eduardo"]
[Result "1-0"]
[WhiteElo "1974"]
[BlackElo "1697"]
[Annotator "TA"]
[PlyCount "55"]
[EventDate "2020.02.08"]
[EventType "swiss"]
[EventCountry "URU"]
[SourceTitle "playchess.com"]
[Source "ChessBase"]
[SourceQuality "1"]

{[%evp 9,87,23,47,47,47,47,72,71,73,54,74,63,67,61,68,62,60,0,54,43,55,36,66,67,83,67,112,106,154,134,160,167,170,163,211,135,207,190,212,213,223,197,328,125,207,181,202,202,204,200,197,168,195,201,202,191,370,287,377,380,650,347,491,216,362,347,697,689,1529,1018,1251,1222,29973,29974,29974,29975,29975,4132,29976,29977]} 1. e4 c5 2. Nf3 d6 3. d4 cxd4 4. Nxd4 e5 5. Bb5+ Bd7 6. Bxd7+ {B54: Sicilian: 2...d6 3 d4 cxd4 4 Nxd4, Unusual Lines .} Qxd7 7. Ne2 h6 8. Nbc3 {White is better.} Nf6 9. Ng3 {[#]} Be7 $146 ({Predecessor:} 9... Qc6 10. O-O Na6 11. Qe2 Nc7 12. Rd1 O-O-O 13. Be3 Kb8 14. a4 a6 15. a5 h5 16. Ra4 {0-1 (54) Paramos Dominguez,R (2429)-Markovic,G ICC INT 2009}) 10. Nh5 O-O 11. Nxf6+ Bxf6 12. Nd5 Bd8 13. g4 (13. O-O $14) 13... Bh4 (13... Nc6 $11) 14. Be3 Na6 15. Rg1 f6 16. Qd2 Bg5 17. O-O-O Qa4 18. Nc3 Bxe3 19. Qxe3 (19. Nxa4 $6 Bxd2+ 20. Rxd2 Kf7 $14) (19. fxe3 $6 Qc6 $14) 19... Qb4 20. h4 Qc5 21. Qg3 Rf7 22. Rd2 Nc7 (22... Re8 $16) 23. g5 $1 $18 fxg5 24. hxg5 hxg5 25. Qxg5 Ne6 {[#]} (25... Re8 {keeps fighting.} 26. Rh1 Rf6) 26. Qg6 $2 (26. Qh4 $1 $18 {and the rest is easy.} Nc7 27. Nd5 (27. Rh1 Rf6 $18) 27... Nxd5 28. Rh1 (28. exd5 Raf8 $14) (28. Rxd5 Qxf2 29. Qxf2 Rxf2 $11)) 26... Re8 (26... Nf4 $16 27. Qxd6 Qxd6 28. Rxd6 Nh3) 27. Rh1 Nf4 {[#]} 28. Qh7+ {Played: Rh1-h8} 1-0

[Event "IV Copa Marcel Duchamp 2020"]
[Site "Montevideo"]
[Date "2020.02.13"]
[Round "7.29"]
[White "Cucchi, Nicolas"]
[Black "Vassallo, Mariano"]
[Result "1-0"]
[WhiteElo "1970"]
[BlackElo "1313"]
[Annotator "TA"]
[PlyCount "92"]
[EventDate "2020.02.08"]
[EventType "swiss"]
[EventCountry "URU"]
[SourceTitle "playchess.com"]
[Source "ChessBase"]
[SourceQuality "1"]

{[%evp 9,92,9,57,61,47,56,68,65,60,27,26,26,35,30,31,35,72,61,58,51,62,44,61,47,62,63,72,72,72,68,69,73,55,56,40,29,39,29,14,18,27,22,31,28,70,32,84,84,84,0,84,84,84,84,84,84,84,74,84,74,84,84,117,117,117,117,117,39,39,30,30,0,0,0,0,0,29975,29979,29978,29980,29982,29983,29983,29984,29986]} 1. Nf3 c5 2. b3 e6 3. Bb2 d5 4. e3 Nf6 5. c4 g6 6. cxd5 {A13: English Opening: 1...e6.} exd5 7. Bb5+ Bd7 8. Bxd7+ {White is slightly better.} Nbxd7 9. O-O Bg7 10. Nc3 O-O 11. d4 cxd4 12. Nxd4 Nb6 {[#]} 13. Qe2 $146 ({Predecessor:} 13. Rc1 a6 14. Nde2 Qe7 15. Nf4 Rad8 16. Qd4 Qd6 17. Rfd1 Nh5 18. Qd2 Nxf4 19. exf4 {0-1 (39) Fuccio,S (1778)-Guerra,E (1900) Gorgonzola 2007}) 13... Qe7 14. Rfd1 Ne4 15. Rac1 Rac8 16. Ndb5 a6 17. Ba3 Nxc3 18. Rxc3 Qd7 19. Bxf8 Bxc3 20. Nxc3 {And now Bb4 would win.} Kxf8 21. Qd2 Qc6 22. Ne2 Qc2 23. g3 Qxd2 24. Rxd2 $11 {[%mdl 4096] Endgame KRN-KRN} Ke7 25. Nf4 Rc1+ 26. Kg2 Ra1 27. Kf3 Kf6 (27... g5 $14) 28. Nd3 Nd7 29. Nf4 Nb6 $1 30. Nxd5+ Nxd5 31. Rxd5 Rxa2 $16 {KR-KR} 32. Rd6+ $1 Kg7 {[#]} 33. Rb6 $1 Rb2 34. Rxb7 a5 35. Rb5 Ra2 36. g4 a4 37. bxa4 Rxa4 38. h4 ({White should play} 38. Kg3 $16) 38... h5 $1 $14 39. gxh5 Rxh4 40. Kg3 Rxh5 41. Rxh5 gxh5 $11 {KPP-KPP} 42. Kh4 Kf6 $2 {[%mdl 8192]} (42... Kg6 $11) 43. Kxh5 {White mates.} Kf5 {[#]} 44. f3 $1 f6 45. f4 Ke6 46. Kg6 Kd5 {Accuracy: White = 86%, Black = 83%.} 1-0

[Event "IV Copa Marcel Duchamp 2020"]
[Site "Montevideo"]
[Date "2020.02.13"]
[Round "7.30"]
[White "De la Torre, Andres"]
[Black "Durante, Aurelio"]
[Result "0-1"]
[WhiteElo "1595"]
[BlackElo "1955"]
[Annotator "TA"]
[PlyCount "68"]
[EventDate "2020.02.08"]
[EventType "swiss"]
[EventCountry "URU"]
[SourceTitle "playchess.com"]
[Source "ChessBase"]
[SourceQuality "1"]

{[%evp 9,78,-31,-20,-45,-50,-41,-43,-52,-7,-23,-10,-20,16,13,4,-52,-10,-16,-11,-56,-51,-116,-67,-75,-77,-75,-68,-65,-27,-28,-8,-13,-12,-19,-12,-124,-83,-133,0,-95,-10,-15,-11,-12,8,-53,-53,-56,-55,-511,-511,-511,-511,-551,-499,-758,-758,-1250,-1254,-1620,-1248,-1556,-1253,-1235,-1198,-1155,-1187,-1163,-1072,-980,-968]} 1. Nf3 d5 2. g3 Nf6 3. Bg2 c5 4. d3 Nc6 5. c3 e5 6. Bg5 {A08: King's Indian Attack.} Be7 7. Nbd2 O-O 8. O-O {[#] Black is slightly better.} Bf5 $146 ({Predecessor:} 8... Be6 9. c4 d4 10. Qb3 Qc8 11. h3 Bd7 12. Rfe1 Qe8 13. Rab1 h6 14. Bxf6 Bxf6 15. Qc2 Qc8 {½-½ (15) Cordioli,J (1858)-Frohlich,M (1440) Sao Bento do Sul 2019}) 9. Bxf6 Bxf6 10. e4 dxe4 11. dxe4 Be6 12. Nb3 (12. Re1 $11) 12... Qe7 13. Qc2 b5 14. Rad1 a5 15. Nc1 (15. Rd5 $15) 15... h6 16. Qe2 Bc4 $36 {[%mdl 2048] Keeping White busy.} 17. Nd3 Bxa2 18. Qe3 Bb3 19. Rd2 $1 c4 20. Nc5 Rfd8 {Threatening ...Rxd2.} 21. Nxb3 cxb3 22. Rfd1 (22. Qb6 $1 $11 {keeps the balance.} Rxd2 23. Nxd2) 22... Rxd2 $17 23. Rxd2 Rd8 (23... a4 $17 {Strongly threatening ...a3.} 24. Qb6 {[%mdl 64] Double Attack} Na5 25. Qxb5 a3 26. bxa3 Qc7) 24. Rxd8+ (24. Qb6 $11 Rxd2 25. Nxd2) 24... Qxd8 (24... Nxd8 $17 25. Qd3 b4) 25. Bf1 Qd1 {Threatens to win with ...Nd8.} 26. Kg2 b4 27. Qc5 ({White should play} 27. cxb4 $11 Nxb4 28. Bc4) 27... bxc3 $15 28. Qxc3 Qc2 $1 {[%cal Rc2c3] [#] Hoping for ...Qxc3.} 29. Bd3 $2 {[%mdl 8192]} (29. Qc4 $15) 29... Qxc3 $19 {Black is clearly winning.} 30. bxc3 {[%mdl 4096] Endgame If only White now had time for Nd2.... KBN-KBN} Bg5 {And now ...a4 would win.} 31. h4 Bc1 {...a4 is the strong threat.} 32. Bc4 (32. Bb5 $142 Na7 33. Ba4) 32... a4 {[%cal Ba5a4,Ba4a3][%mdl 32] aiming for ...Na5.} 33. Ne1 Na5 34. Bd5 a3 {Played: Bc1-d2} 0-1

[Event "IV Copa Marcel Duchamp 2020"]
[Site "Montevideo"]
[Date "2020.02.13"]
[Round "7.31"]
[White "Bon, Charles"]
[Black "Moccero, Eduardo"]
[Result "1/2-1/2"]
[WhiteElo "1614"]
[BlackElo "1926"]
[Annotator "TA"]
[PlyCount "53"]
[EventDate "2020.02.08"]
[EventType "swiss"]
[EventCountry "URU"]
[SourceTitle "playchess.com"]
[Source "ChessBase"]
[SourceQuality "1"]

{[%evp 9,53,18,42,37,29,-18,39,-25,8,17,21,0,-11,-14,47,14,46,0,0,0,0,0,0,0,9,0,0,0,14,-57,-37,-50,-50,-57,-57,-258,-75,-76,-44,-79,-18,-18,-16,-49,-25,-132]} 1. e4 Nc6 2. d4 d5 3. e5 Bf5 4. Nf3 e6 5. Bd3 Bg6 6. Bxg6 {B00: Queen's Fianchetto Defence, Nimzowitsch Defence.} hxg6 {[#]} 7. a3 $146 ({Predecessor:} 7. c3 Be7 8. b4 Qd7 9. Nbd2 O-O-O 10. Nb3 Rf8 11. a4 f6 12. b5 Nd8 13. Nc5 Bxc5 14. dxc5 {1-0 (47) Naerland,T (2043)-Overas,J (1818) Sandnes 2014}) 7... Qd7 (7... f6 $1 $11) 8. Nc3 ({White should try} 8. Qd3 $14) 8... Nh6 9. Qd3 Nf5 10. Bg5 Be7 11. Bxe7 Ncxe7 ({Black should play} 11... Qxe7 $11 12. O-O-O O-O-O) 12. O-O-O Nc6 13. g4 Nh4 14. Nxh4 Rxh4 15. h3 O-O-O 16. f4 Qe7 17. Qe3 Rdh8 18. Kb1 R8h7 19. g5 (19. Ka2 $11) 19... Na5 20. Ne2 Qe8 21. Rh2 Qb5 22. Rdh1 $2 {[#]} (22. b3 $15) 22... Nc4 $2 (22... Qxb2+ $1 $19 {[%mdl 512]} 23. Kxb2 Nc4+ {[%mdl 64] Double Attack} 24. Ka2 Nxe3) 23. Qc3 $17 b6 24. Ka2 c5 (24... Qa5 $17 {With the idea ...Qxc3.} 25. Qd3 Rh8) 25. b3 Na5 26. dxc5 Qxc5 27. Qxc5+ {Accuracy: White = 49%, Black = 54%.} (27. Qd2 $11) 1/2-1/2

[Event "IV Copa Marcel Duchamp 2020"]
[Site "Montevideo"]
[Date "2020.02.13"]
[Round "7.32"]
[White "Aprahamian, Tomas"]
[Black "Pinero, Ismael"]
[Result "0-1"]
[WhiteElo "1415"]
[BlackElo "1914"]
[Annotator "TA"]
[PlyCount "86"]
[EventDate "2020.02.08"]
[EventType "swiss"]
[EventCountry "URU"]
[SourceTitle "playchess.com"]
[Source "ChessBase"]
[SourceQuality "1"]

{[%evp 14,86,76,23,54,21,27,25,41,42,44,35,35,-16,4,8,10,-16,14,-4,19,0,4,-54,-54,-67,-11,-104,-103,-98,-94,-115,-96,-84,-39,-39,-39,-39,-48,-57,-39,-56,-61,-78,-42,-100,34,-118,-115,-156,-117,-150,-125,-123,-130,-260,-239,-270,-258,-215,-208,-913,-882,-804,-738,-29991,-29992,-29992,-29993,-29993,-29994,-29995,-29996,-29996,-29997]} 1. d4 Nf6 2. Nf3 g6 3. e3 Bg7 4. Be2 d6 5. O-O O-O 6. c4 Nbd7 7. Nc3 c5 8. b3 ({White should play} 8. d5 $16) 8... a6 {E61: King's Indian: Early deviations for White, including Smyslov System.} 9. Bb2 b6 10. Qc2 Bb7 {White has an edge.} 11. d5 b5 {[#]} 12. Rad1 $146 ({Predecessor:} 12. e4 b4 13. Nd1 a5 14. Ne3 Nb6 15. e5 Ne8 16. exd6 exd6 17. Bxg7 Nxg7 18. Bd3 {½-½ (57) Atalik,E (2447)-Munkhzul,T (2255) St Petersburg 2018}) 12... b4 13. Ne4 (13. Na4 $14) 13... a5 14. Nxf6+ Nxf6 15. Nd2 e5 16. e4 Nd7 17. Bd3 a4 18. f4 (18. bxa4 $11 Qa5 19. Ra1) 18... axb3 19. axb3 Ra2 (19... exf4 $15 20. Bxg7 Kxg7 21. Rxf4 Ra3) 20. Qb1 {[#]} (20. f5 $1 $11 {keeps the balance.}) 20... Rxb2 $1 $17 21. Qxb2 {White wants to play f5.} exf4 22. Qb1 Bd4+ 23. Kh1 Be3 24. Nf3 Ne5 25. Nxe5 dxe5 26. Qc2 Bd4 {[%mdl 1024] Black has compensation.} 27. Qe2 Bc8 28. Bc2 h5 29. Qe1 ({White should try} 29. Rxd4 $15 exd4 30. Rxf4) 29... g5 ({Better is} 29... Qe7 $17) 30. Bd3 $2 {[#]} (30. Rxd4 $1 $14 {was the only good move.} cxd4 31. Qxb4) 30... g4 31. Rc1 h4 32. Rc2 Qg5 33. Ra2 Kg7 34. Qe2 (34. Qd2 $17) 34... h3 $19 35. g3 f3 36. Qe1 f5 37. exf5 $2 (37. Ra8) 37... Bxf5 38. Bxf5 Qxf5 39. Re2 f2 {Black mates.} 40. Rexf2 Bxf2 41. Rxf2 Qxf2 {[%cal Rf2e1]} 42. Qxe5+ Rf6 {[%csl Gh3][%cal Rf2g2]} 43. Qg5+ Kf8 {Accuracy: White = 53%, Black = 71%.} 0-1

[Event "IV Copa Marcel Duchamp 2020"]
[Site "Montevideo"]
[Date "2020.02.14"]
[Round "8.1"]
[White "Lima, Darcy"]
[Black "Acosta, Pablo Ismael"]
[Result "0-1"]
[WhiteElo "2526"]
[BlackElo "2416"]
[Annotator "TA"]
[PlyCount "90"]
[EventDate "2020.02.08"]
[EventType "swiss"]
[EventCountry "URU"]
[SourceTitle "playchess.com"]
[Source "ChessBase"]
[SourceQuality "1"]

{[%evp 12,90,6,-4,26,28,35,37,35,22,31,29,46,37,39,41,27,27,49,41,58,51,65,16,33,27,31,32,31,31,42,27,62,47,64,38,49,31,58,60,49,39,37,31,33,44,41,37,31,0,0,0,11,12,14,-12,-10,-16,-22,-14,-21,-86,-75,-94,-99,-174,-134,-131,-127,-222,-143,-147,-129,-539,-538,-6145,-5398,-5947,-273,-258,-258]} 1. d4 Nf6 2. c4 e6 3. Nf3 Bb4+ 4. Bd2 a5 5. Nc3 O-O 6. Qc2 d5 7. e3 c5 {E11: Bogo-Indian.} 8. a3 Bxc3 9. Bxc3 cxd4 {[#] White is slightly better.} 10. Bxd4 $146 ({Predecessor:} 10. Nxd4 e5 11. Nf3 e4 12. Nd2 Nbd7 13. cxd5 Re8 14. Bc4 Ne5 15. Bb5 Bd7 16. Bxd7 Nexd7 {0-1 (28) Schachinger,M (2232)-Wohl,A (2439) Graz 2005}) 10... Nc6 11. Bc3 Qe7 12. Bd3 h6 13. O-O dxc4 14. Bxc4 Bd7 15. Rac1 Rfc8 16. Rfd1 Be8 17. Ba2 b5 18. Bb1 b4 19. axb4 axb4 20. Be1 g6 21. Qc4 Nd5 22. Qe2 Qf6 23. g3 Nb6 24. e4 Nd7 25. Kg2 Rab8 26. Rc2 g5 27. h3 Nde5 28. Nxe5 Qxe5 29. Qe3 Rd8 30. Rdc1 Qd4 31. Qe2 ({Wrong is} 31. Rxc6 $2 Qxe3 32. fxe3 Bxc6 $19) 31... Ne5 {Threatens to win with ...Bb5.} 32. Rd2 Qb6 33. Qh5 Kg7 34. Qd1 Bb5 35. Qb3 Rdc8 36. Rdc2 (36. Rxc8 $1 $11 {remains equal.} Rxc8 37. f4) 36... Rxc2 $17 37. Bxc2 Bc4 38. Qa4 (38. Qe3 $17) 38... Qd4 39. Rd1 {[#]} Qc5 $1 $36 {[%mdl 2048] Black is really pushing.} ({Reject} 39... Qxb2 $6 40. Rb1 $11) 40. Rd2 (40. Bd2 $17 {was worth a try.}) 40... Bb5 41. Qb3 Ra8 {And now ...Ra1 would win.} 42. Bb1 $2 {[%mdl 8192]} (42. f4 $17 {is a better chance.} Ba4 43. Bf2) 42... Ra1 $19 43. Qd1 Qc4 44. Bd3 Rxd1 $2 (44... Nxd3 45. Rxd3 Rxd1 46. Rxd1 Qxe4+ 47. Kg1 Bc6 48. f3 Qxf3 49. Rd2 Qe3+ {[%mdl 64] Double Attack} 50. Kf1 Bb5+ 51. Kg2 Qxe1 52. Rc2 Bd3 53. Rf2 Be4+ 54. Rf3 {[#]} Qe2+ $1 {[%mdl 576] Double Attack, Pin} 55. Kh1 Bxf3+ 56. Kg1 Qg2#) 45. Bxc4 Rxd2 {Accuracy: White = 61%, Black = 83%.} ({Not} 45... Rxe1 46. Bxb5 Rxe4 47. Kf1 $17) 0-1

[Event "IV Copa Marcel Duchamp 2020"]
[Site "Montevideo"]
[Date "2020.02.14"]
[Round "8.2"]
[White "Vazquez, Guillermo"]
[Black "Delgado Ramirez, Neuris"]
[Result "1/2-1/2"]
[WhiteElo "2524"]
[BlackElo "2634"]
[Annotator "TA"]
[PlyCount "40"]
[EventDate "2020.02.08"]
[EventType "swiss"]
[EventCountry "URU"]
[SourceTitle "playchess.com"]
[Source "ChessBase"]
[SourceQuality "1"]

{[%evp 9,40,10,14,6,20,14,13,0,0,-6,2,0,0,0,0,0,20,13,22,-4,-8,-3,-5,-5,-5,-2,-4,-8,-13,-3,2,6,7]} 1. e4 e5 2. Nf3 Nf6 3. Nxe5 d6 4. Nd3 Nxe4 5. Qe2 Qe7 {The position is equal.} 6. Nf4 {[#] And now Nd5 would win. C42: Petroff Defence: 3 Nxe5 and unusual White 3rd moves.} Nf6 7. d4 Bf5 {[#]} (7... Qxe2+ {seems wilder.} 8. Bxe2 Nc6 9. c3 Bf5 10. O-O O-O-O) 8. Qxe7+ $146 ({Predecessor:} 8. Be3 c6 9. Nc3 d5 10. f3 h5 11. O-O-O Nbd7 12. Qd2 Qb4 13. Bd3 Bxd3 14. Nxd3 {1-0 (27) Hjartarson,J (2534)-Putka,V (2358) Tallinn 2019}) 8... Bxe7 9. Bd3 Bxd3 10. Nxd3 Nbd7 {[%cal Bb8d7,Bd7b6,Bb6d5][%mdl 32]} 11. O-O O-O-O 12. Nc3 Nb6 13. Re1 Rhe8 14. Kf1 Nfd5 15. Nxd5 Nxd5 16. Bd2 Bf6 17. c3 Kd7 18. g4 Rxe1+ 19. Rxe1 Re8 20. Rxe8 Kxe8 {Accuracy: White = 91%, Black = 100%.} 1/2-1/2

[Event "IV Copa Marcel Duchamp 2020"]
[Site "Montevideo"]
[Date "2020.02.14"]
[Round "8.3"]
[White "Hernandez Guerrero, Gilberto"]
[Black "Hoffman, Alejandro"]
[Result "1/2-1/2"]
[WhiteElo "2557"]
[BlackElo "2472"]
[Annotator "TA"]
[PlyCount "58"]
[EventDate "2020.02.08"]
[EventType "swiss"]
[EventCountry "URU"]
[SourceTitle "playchess.com"]
[Source "ChessBase"]
[SourceQuality "1"]

{[%evp 11,58,29,26,26,38,48,44,39,60,36,53,54,58,47,53,53,46,48,52,44,47,57,84,58,81,88,81,74,61,50,91,89,104,60,76,80,93,58,64,65,68,62,64,71,72,48,39,31,65]} 1. e4 e5 2. Nf3 d6 3. d4 exd4 4. Nxd4 Nf6 5. Nc3 Be7 6. g3 O-O 7. Bg2 {C41: Philidor Defence.} Re8 8. O-O c6 9. h3 Bf8 10. Bf4 a5 11. g4 Na6 12. Re1 Nc5 13. Qd2 {[#]} h5 $146 ({Predecessor:} 13... Qc7 14. Rad1 Nfd7 15. Bg3 Ne5 16. a4 g6 17. b3 f6 18. Kh1 Nf7 19. f4 Bd7 {1-0 (51) Vovk,A (2621)-Abergel,T (2440) La Massana 2015}) 14. g5 Nfd7 15. b3 Ne5 16. Bg3 $36 {[%mdl 2048] White fights for an advantage.} Qb6 17. Re3 g6 18. f4 Ned7 19. Kh1 Bg7 20. Rd1 Nf8 21. a3 {[%cal Ba2a3,Ba3b4][%mdl 32]} Bd7 22. Bf2 Rad8 23. Ree1 Bc8 24. Bg1 Qc7 25. b4 axb4 26. axb4 Na6 27. Rb1 b5 28. Nde2 Nd7 29. Qe3 Bb7 {Accuracy: White = 84%, Black = 85%.} 1/2-1/2

[Event "IV Copa Marcel Duchamp 2020"]
[Site "Montevideo"]
[Date "2020.02.14"]
[Round "8.4"]
[White "Hungaski, Robert"]
[Black "Tristan, Leonardo"]
[Result "1/2-1/2"]
[WhiteElo "2504"]
[BlackElo "2533"]
[Annotator "TA"]
[PlyCount "119"]
[EventDate "2020.02.08"]
[EventType "swiss"]
[EventCountry "URU"]
[SourceTitle "playchess.com"]
[Source "ChessBase"]
[SourceQuality "1"]

{[%evp 9,119,22,27,25,31,36,27,25,25,3,39,35,42,41,35,43,40,0,0,0,41,47,39,21,33,7,7,0,32,26,23,39,30,-55,-90,-65,-55,-65,-72,-61,-73,-60,33,-131,-132,-135,-135,-132,-109,-214,-215,-227,-233,-224,-226,-196,-114,-132,-103,-115,-119,-181,-173,-203,-131,-132,-131,-124,-128,-135,-92,-91,-99,-133,-86,-97,-106,-114,-101,-220,-93,-184,-187,-170,-167,-133,-127,-179,-168,-300,-203,-260,-269,-391,-395,-387,-387,-526,-516,-510,-390,-289,0,0,0,0,0,0,0,0,0,0]} 1. d4 Nf6 2. c4 e6 3. Nf3 d5 4. Nc3 a6 5. cxd5 exd5 6. Bg5 {D37: Queen's Gambit Declined: 5 Bf4.} Be6 7. e3 Nbd7 8. Bd3 {White has an edge.} h6 9. Bh4 g5 10. Bg3 Nh5 11. Qc2 Nxg3 12. hxg3 Bg7 13. Bf5 Qf6 14. g4 {[#]} h5 $5 $146 {[%mdl 8] New and interesting.} ({Predecessor:} 14... O-O 15. Ne2 c5 16. Ng3 Rfc8 17. Qd2 Qe7 18. Rd1 Nf6 19. dxc5 Rxc5 20. Nd4 Rac8 {1-0 (46) Martirosyan,H (2607)-Andreikin,D (2725) chess.com INT 2019}) 15. Bxe6 fxe6 16. gxh5 g4 17. Ng1 O-O-O 18. Nge2 Kb8 19. Nf4 c5 20. dxc5 Nxc5 21. Ncxd5 (21. Qg6 $11) 21... Qxb2 $15 ({But not} 21... exd5 $6 22. Qxc5 d4 23. O-O $14) 22. Qxb2 Bxb2 23. Rb1 Na4 $1 {[%mdl 1024] Black has compensation.} 24. Ne7 Rh7 $1 {[%cal Rh7e7]} 25. Nfg6 ({Don't play} 25. Nxe6 Rd6 $17) 25... Re8 ({Better is} 25... Kc7 $1 $15 26. O-O Ba3) 26. Rh4 $2 (26. h6 $14) 26... Bf6 $1 $17 {[%cal Rf6h4][%mdl 64] Double Attack} 27. Rxg4 Rxh5 28. Nc6+ Ka8 $1 29. Rb3 (29. Rc1 $17 Nc3 30. Kd2) 29... Nc5 $19 30. Na5 Nxb3 31. Nxb3 Rc8 32. Nf4 Rh1+ (32... Rhh8 $19 {Hoping for ...Rc2.} 33. Ke2 Rc2+ 34. Kf3 e5) 33. Kd2 $17 Rb1 34. Nd3 Bc3+ 35. Kc2 (35. Ke2 $17) 35... Rf1 36. Nbc5 Bf6 {White must now prevent ...Be7.} 37. Kd2 Ra1 38. Ra4 Ka7 39. g4 Rc6 40. Nb3 Rg1 41. Rf4 Bc3+ 42. Ke2 e5 43. Re4 b5 44. Ndc5 (44. Nxe5 $17 Bxe5 45. Rxe5) 44... Kb6 (44... a5 $1 $19 {has better winning chances. And now ...a4 would win.} 45. a4 Bb4 46. Rxe5 Kb6) 45. Nd7+ (45. Kd3 $17 {was necessary.} b4 46. Nd7+ Kc7 47. Nxe5 Bxe5 48. Rxe5) 45... Kc7 $19 46. Nxe5 Bxe5 47. Rxe5 {[%mdl 4096] Endgame KRR-KRN} Rc2+ 48. Kf3 Rxa2 49. Nc5 (49. Rf5 $142) 49... Kc6 50. Nd3 {[#]} a5 $1 {[%cal Ba6a5,Ba5a4][%mdl 32]} 51. Rc5+ (51. Re6+ {was called for.} Kc7 52. Re7+ Kd6 53. Ra7) 51... Kb6 52. Rc8 Rd2 53. Ke4 {and the idea Rb8+ leaves White hopeful.} Rxg4+ 54. f4 {Now Rb8+ and White clings on.} a4 55. Rb8+ {[#]} Ka5 $2 (55... Kc7 $1 $19 {[%cal Rc7b8]} 56. Rxb5 a3) 56. Ne5 {The position is equal.} Rg7 {...Rd6 is the strong threat.} 57. Nc6+ Ka6 {aiming for ...a3.} 58. Nb4+ Ka5 59. Nc6+ Ka6 {Strongly threatening ...a3.} 60. Nb4+ {Accuracy: White = 55%, Black = 66%.} 1/2-1/2

[Event "IV Copa Marcel Duchamp 2020"]
[Site "Montevideo"]
[Date "2020.02.14"]
[Round "8.5"]
[White "Garcia Palermo, Carlos"]
[Black "Liascovich, Lucas"]
[Result "0-1"]
[WhiteElo "2434"]
[BlackElo "2425"]
[Annotator "TA"]
[PlyCount "56"]
[EventDate "2020.02.08"]
[EventType "swiss"]
[EventCountry "URU"]
[SourceTitle "playchess.com"]
[Source "ChessBase"]
[SourceQuality "1"]

{[%evp 15,56,-12,0,-66,-67,-49,-68,-67,-67,-79,-83,-83,-106,-95,-99,-95,-61,-143,-146,-251,-189,-204,-203,-400,-433,-421,-403,-691,-686,-1402,-716,-591,-452,-429,-433,-441,-439,-791,-815,-767,-794,-1144,-1073]} 1. d4 d5 2. Nf3 Nf6 3. c4 dxc4 4. Qa4+ Nc6 5. Nc3 Nd5 6. e4 Nb6 7. Qd1 Bg4 8. d5 Ne5 {[%mdl 64] [#] Pin} 9. Be2 {D23: Queen's Gambit Accepted: 3 Nf3 Nf6 sidelines.} (9. Bf4 $1 $11 Bxf3 10. gxf3) 9... Bxf3 $1 $15 10. gxf3 e6 11. f4 {Black is slightly better.} Ned7 {[#]} 12. dxe6 $146 ({Predecessor:} 12. Be3 exd5 13. Nxd5 c6 14. Nxb6 axb6 15. Bxc4 Bc5 16. Qg4 g6 17. Rd1 Qe7 18. Rxd7 Qxd7 19. Qxd7+ Kxd7 20. Bxf7 {½-½ (48) Djurkovic,M (2105)-Raetsky,A (2505) Aschach 1995}) 12... fxe6 13. Qd4 Qh4 14. Qe3 Bb4 15. a3 Be7 16. Nb5 (16. Qg3 $15) 16... O-O-O $17 17. Nxa7+ Kb8 18. Nb5 Nc5 19. b4 $2 (19. O-O) 19... Nd3+ $19 20. Kf1 Rhf8 {[%cal Rd3f4]} 21. a4 (21. Rg1 $142 Rxf4 22. Bxd3) 21... Nxf4 {Black is clearly winning.} 22. a5 Nh3 {[%cal Rf8f2]} ({Not} 22... Qg5 23. Qg3 $17) 23. f3 Nf4 {[#] ( -> ...Qh3+)} 24. h3 Nc8 ({Weaker is} 24... Bxb4 25. Qf2 $19) 25. a6 bxa6 26. Na7 (26. Nd4 $142 Rd6 27. Nf5 exf5 28. Qxf4 fxe4 29. Qxh4 Bxh4 30. Ra3) 26... Nxa7 27. Rxa6 c5 28. Rxa7 Nxe2 {Accuracy: White = 40%, Black = 69%.} 0-1